000 00198 a2200097 4500
001 5139
100 _aMcadams,WH
245 _aHeat transmission
260 _a
_bMcGraw Hill
_c
090 _c4274
_d4274
942 _aNUST-CAE
_cM
_c30572
999 _c240212
_d240212